Africa betrayed / (Record no. 192586)

MARC details
000 -LEADER
fixed length control field 01132nam a2200337 a 4500
001 - CONTROL NUMBER
control field vtls000189008
003 - CONTROL NUMBER IDENTIFIER
control field NLI
005 - DATE AND TIME OF LATEST TRANSACTION
control field 20210602111625.0
008 - FIXED-LENGTH DATA ELEMENTS--GENERAL INFORMATION
fixed length control field 101125s1992 nyu 001 0 eng
020 ## - INTERNATIONAL STANDARD BOOK NUMBER
International Standard Book Number 0312080581 :
Terms of availability USD 26.95
039 #9 - LEVEL OF BIBLIOGRAPHIC CONTROL AND CODING DETAIL [OBSOLETE]
-- 201011252243
-- VLOAD
040 0# - CATALOGING SOURCE
Original cataloging agency NLI
Language of cataloging eng
Transcribing agency Datasoft 1
Description conventions AACR2
041 0# - LANGUAGE CODE
Language code of text/sound track or separate title eng
044 ## - COUNTRY OF PUBLISHING/PRODUCING ENTITY CODE
MARC country code nyu
082 04 - DEWEY DECIMAL CLASSIFICATION NUMBER
Classification number 320.96
100 1# - MAIN ENTRY--PERSONAL NAME
Personal name Ayittey, George B. N.,
Dates associated with a name 1945-
9 (RLIN) 362888
245 10 - TITLE STATEMENT
Title Africa betrayed /
Statement of responsibility, etc. George B. N. Ayittey
260 ## - PUBLICATION, DISTRIBUTION, ETC.
Place of publication, distribution, etc. New York :
Name of publisher, distributor, etc. St. Martin's press,
Date of publication, distribution, etc. 1992
300 ## - PHYSICAL DESCRIPTION
Extent xx, 412 p. ;
Dimensions 22 cm.
504 ## - BIBLIOGRAPHY, ETC. NOTE
Bibliography, etc. note Includes bibliographical references and index
650 #0 - SUBJECT ADDED ENTRY--TOPICAL TERM
Topical term or geographic name entry element Political corruption
Geographic subdivision Africa
9 (RLIN) 362889
650 #0 - SUBJECT ADDED ENTRY--TOPICAL TERM
Topical term or geographic name entry element Military government
Geographic subdivision Africa
9 (RLIN) 362890
650 #0 - SUBJECT ADDED ENTRY--TOPICAL TERM
Topical term or geographic name entry element Apartheid
Geographic subdivision Africa
9 (RLIN) 362891
651 #0 - SUBJECT ADDED ENTRY--GEOGRAPHIC NAME
Geographic name Africa
General subdivision Politics and government
Chronological subdivision 1960-
9 (RLIN) 216763
887 ## - NON-MARC INFORMATION FIELD
Content of non-MARC field
901 ## - LOCAL DATA ELEMENT A, LDA (RLIN)
a 524160
b 16.03.1995
902 ## - LOCAL DATA ELEMENT B, LDB (RLIN)
a E 320.96 Ay 36
942 ## - ADDED ENTRY ELEMENTS (KOHA)
Source of classification or shelving scheme Dewey Decimal Classification
Koha item type Books
949 ## - LOCAL PROCESSING INFORMATION (OCLC)
-- VIRTUAITEM
-- 10000
-- 100
6 PUR000524160ENG
Holdings
Withdrawn status Lost status Damaged status Not for loan Collection code Home library Current library Shelving location Date acquired Total Checkouts Full call number Barcode Date last seen Price effective from Koha item type
        New English National Library of India National Library of India New English - Main Stack Division     E 320.96 Ay 36 PUR000524160ENG 02/06/2021 02/06/2021 Books
                                                                           
web counter

Copyright ©2020 The National Library of India, Govt. of India ↔ Hosted by NVLI, MOC ↔ Technology and Design by National Library of India, Ministry of Culture, Govt. of India